Etudy, alebo, Malá prechádzka veľkým lunaparkom

Bibliographic Details
Main Author: Gregor, Peter, 1944-2014 (Author)
Other Authors: Augustín, Milan, 1947- (Illustrator)
Format: Book
Language:Slovak
PhysicalDescription:[40] nečíslovaných strán fotografie 26 cm
Published: Bratislava Odkaz 1999
ISBN:8088986044
Series:Hviezdoslav
Subjects:

MARC

LEADER 00000cam a2200000 a 4500
001 vtls001386977
003 SK-MaSNL
005 20260301161517.0
008 240801s1999 xo o gr 000 1dslo
015 |a SNBA2000/06-02062 
020 |a 8088986044  |q (viazané) 
035 |a SNK000341162 
035 |a urn:nbn:sk:snk-amti0e 
035 |a urn:nbn:sk:snk-am00c5dq 
035 |a 0B9DDF75-E849-47F3-BBB0-D35297A2A687 
040 |a SNK  |b slo  |c SNK  |e AACR2 
041 0 |a slo 
044 |a xo  |c SK 
072 7 |a 821.162.4-3  |x Slovenská próza  |2 konspekt 
080 |a 82-193.2  |2 2011 
080 |a (0:82-84)  |2 2011 
080 |a (082.21)  |2 2011 
100 1 |a Gregor, Peter,  |d 1944-2014  |4 aut  |9 157718 
245 1 0 |a Etudy, alebo, Malá prechádzka veľkým lunaparkom  |c Peter Gregor ; [grafická úprava a ilustrácie: Milan Augustín] 
246 3 0 |a Malá prechádzka veľkým lunaparkom 
260 |a Bratislava  |b Odkaz  |c 1999 
300 |a [40] nečíslovaných strán  |b fotografie  |c 26 cm 
490 1 |a Hviezdoslav  |v zv. 15 
500 |a Obsahuje biografické údaje o autorovi 
655 7 |a aforizmy  |2 SNKPH  |9 1250 
655 7 |a epigramy  |2 SNKPH  |9 70418 
655 7 |a výbery  |2 SNKPH  |9 67620 
700 1 |a Augustín, Milan,  |d 1947-  |4 bkd  |4 ill  |9 14653 
830 0 |a Hviezdoslav  |9 292889 
852 |a Slovenská národná knižnica 
919 |a 80-88986-04-4 
954 |a beletria pôvodná (slovenská)  |2 lita 
958 |a RK 
958 |a TL 
958 |a LX 
958 |a OND 
999 |c 809758  |d 811688 
952 |a SNK  |b SNK  |y NEVYP  |7 0  |o snkB 150  |i snk543/20000418  |0 0  |1 0  |4 0  |d 2000-04-14  |l 0  |r 2005-01-02 00:00:00  |w 2026-02-24 
952 |a SNK  |b SNK  |y PREZ  |7 0  |p 17A0234990  |o snkSB 61664  |i snkKSP 4235/2000  |8 0  |0 0  |1 0  |4 0  |d 2000-04-14  |f 1  |l 0  |r 2025-04-10 00:00:00  |w 2026-02-24 
952 |a SNK  |b SNK  |y VYP  |7 0  |p 17A0234991  |o snkSB 61664 D1  |i snkKSP 4236/2000  |8 0  |0 0  |1 0  |4 0  |d 2000-04-14  |l 0  |r 2005-01-02 00:00:00  |w 2026-02-24